00599nam a2200193Ia 4500008004100000020000700041082001500048100002400063245002200087250000900109260003900118300002400157500002600181600003300207650002600240942000700266952011700273999001500390240925s9999 xx 000 0 und d aNA a954.91 SAR aSarwar, Gul Shahzad 0aPakistan Studies  a14th aKarachi:bQamar Kitab Gharc,2004. a510p.bNAfOriginal aIncludes Bibliography aHumanities & Natural Science aHistory and Geography cBK 001040708HUMaUITUbUITUd2004-12-31eF.B.Cg80.00l0o954.91 SARpQ5988r2024-09-25 07:14:02w2024-09-25yBK c8487d8487